La asamblea general

Gorde:
Xehetasun bibliografikoak
Erakunde egilea: Instituto Nacional de Fomento Cooperativo (Costa Rica)
Formatua: Texto
Argitaratua: San José: INFOCOOP Publicaciones
Etiketak: Etiketa erantsi
Etiketarik gabe, Izan zaitez lehena erregistro honi etiketa jartzen!

MARC

LEADER 00000 a a2200000 04500
001 17161
003
040
090 |a 004900  
110 |a Instituto Nacional de Fomento Cooperativo (Costa Rica)  
245 |a La asamblea general  
260 |a San José:   |b INFOCOOP Publicaciones  
300 |a 14 p.  
999 |c 12811  |d 12811